000 00719nam a2200217Ii 4500
003 JO-AjNU
008 230605s9999||||xx |||||||||||||| ||und||
017 _a1998/6/952
040 _aJO-AjNU
_bara
_erda
_cJO-AjNU
041 _aara
050 1 4 _aHQ1221 1998
100 3 _aالبدوي، خليل,
_eauthor
_920151
245 0 0 _aما تحبه النساء في الرجال و ما يحبه الرجال في النساء
250 _aط1
264 3 1 _aعمان: دار الاسراء للنشر والتوزيع، 1998
300 _a96ص
336 _atext
_btxt
_2rdacontent
337 _aunmediated
_bn
_2rdamedia
338 _avolume
_bnc
_2rdacarrier
650 4 _aعلم النفس الاجتماعي
_920152
999 _aA6780
_c10348
_d10348